| 000 | 00526nam a2200181Ia 4500 | ||
|---|---|---|---|
| 005 | 20250923144300.0 | ||
| 008 | 008 250917s9999 xx 000 0 eng d | ||
| 037 | _aTextual | ||
| 040 |
_aDSWL _beng _cDSWL |
||
| 041 |
_aeng _2eng |
||
| 084 |
_aSM9,82, N48 _qDSWL |
||
| 100 |
_aFlugel, J.C. _9823196 |
||
| 245 | 0 |
_aPsycho-analytic study of the family _cby J.C. Flugel |
|
| 260 |
_aLondon _bHogarth Press _c1948 |
||
| 300 | _a259 p. | ||
| 942 |
_cTEXL _hSM9,82, N48 |
||
| 999 |
_c1436971 _d1436971 |
||